Inversión social e incremento del capital humano en Venezuela (1999-2005) = Social Investment and the increase of human capital in Venezuela (1999-2005) /
Gorde:
| Egile nagusia: | |
|---|---|
| Beste egile batzuk: | |
| Formatua: | Texto |
| Gaiak: | |
| Etiketak: |
Etiketa erantsi
Etiketarik gabe, Izan zaitez lehena erregistro honi etiketa jartzen!
|
MARC
| LEADER | 00000 a a2200000 04500 | ||
|---|---|---|---|
| 001 | 4639 | ||
| 003 | |||
| 040 | |||
| 090 | |a REV1025 (38) 2007 | ||
| 100 | |a Méndez, Ana Irene | ||
| 245 | |a Inversión social e incremento del capital humano en Venezuela (1999-2005) = Social Investment and the increase of human capital in Venezuela (1999-2005) / |c Ana Irene Méndez, Elda Morales | ||
| 650 | |a PARTICIPACION COMUNITARIA | ||
| 650 | |a INVERSIONES | ||
| 650 | |a CAPITAL | ||
| 650 | |a VENEZUELA | ||
| 700 | |a Morales, Elda | ||
| 773 | |g número 38 (enero-junio, 2007), páginas 95-121. | ||
| 999 | |c 31542 |d 31542 | ||
